| 000 | 01062nam a22003377a 4500 | ||
|---|---|---|---|
| 003 | CHAP | ||
| 005 | 20220329134237.0 | ||
| 008 | 971013s1980 r 00010 d | ||
| 010 | _a17501 | ||
| 011 | _a18473 | ||
| 035 | _a22558 | ||
| 040 | _cCHAP | ||
| 090 | _aFolleto 10458 | ||
| 100 | 0 | 0 |
_aJones, A. T. _961972 |
| 245 | _aHarvesting windthorown trees | ||
| 260 |
_aLondon : _bHer Majesty's Stationery Office, _c1980 |
||
| 300 |
_a25 p. _b: ilus |
||
| 490 |
_aForestry commision leaflet _v; 75 |
||
| 590 |
_aBATCH-UPD _b10 _c20130110 _lUCH01 _h0046 |
||
| 590 |
_aBATCH-UPD _b10 _c20130110 _lUCH01 _h2136 |
||
| 590 |
_aBATCH-UPD _b10 _c20130410 _lUCH01 _h1445 |
||
| 590 |
_aBATCH-UPD _b10 _c20130914 _lUCH01 _h1551 |
||
| 590 |
_aCONVERSION _b10 _c20130109 _lUCH01 _h1311 |
||
| 650 | 1 | 4 |
_aMadera _xRecolección. _969625 |
| 650 | 1 | 4 |
_aVientos _xEfecto en plantas. _9119292 |
| 700 | 0 |
_aSmith, R. O. _9107107 |
|
| 830 | 0 |
_aForestry commision leaflet _v; 75 _942366 |
|
| 901 | _aBK | ||
| 942 | _cFOLL | ||
| 949 |
_aFolleto 10458 _bBC _cFOLL _d-52865 _eTS1 _gI.c/e _i22558 _si |
||
| 999 |
_c17501 _d17501 |
||